U.S. States by Israeli Population - Statistics

General Stats
  • This quiz has been taken 788 times
  • The average score is 14 of 16
Answer Stats
Hint Answer % Correct
30,164 0.2% New York
99%
24,956 0.1% California
98%
9,511 0.1% Florida
95%
2,974 0.0% Texas
93%
7,939 0.1% New Jersey
89%
1,021 0.0% Washington
89%
3,713 0.1% Massachusetts
87%
3,051 0.0% Pennsylvania
87%
3,557 0.0% Illinois
86%
1,640 0.0% Ohio
85%
984 0.0% Arizona
82%
1,387 0.0% Connecticut
81%
1,149 0.0% Georgia
81%
3,044 0.1% Maryland
81%
1,737 0.0% Michigan
80%
930 0.0% Nevada
78%
No matching quizzes found
Score Distribution
Percent of People with Each Score
Percentile by Number Answered
Your Score History
You have not taken this quiz